| 000 | 01319cam a2200361 a 4500 | ||
|---|---|---|---|
| 001 | EDZ0000064201 | ||
| 003 | StDuBDS | ||
| 005 | 20161031105118.0 | ||
| 006 | m||||||||d|||||||| | ||
| 007 | cr ||||||||||| | ||
| 008 | 120327s2002 enka fo| 001|0|eng d | ||
| 020 |
_a9781446219706 (ebook) : _cNo price |
||
| 040 |
_aStDuBDS _beng _cStDuBDS _epn |
||
| 049 | _aAlfaisal Main Library | ||
| 050 | 0 |
_aGF21 _b.D65 2002 |
|
| 082 | 0 | 4 |
_a304.2 _223 |
| 245 | 0 | 0 |
_aDoing cultural geography _h[electronic resource] / _cedited by Pamela Shurmer-Smith. |
| 260 |
_aLondon : _bSAGE, _cc2002. |
||
| 300 |
_a1 online resource (vi, 248 p.) : _bill. |
||
| 490 | 1 | _aDoing human geography | |
| 504 | _aIncludes bibliographical references and index. | ||
| 520 | 8 | _aThis text explains the theory informing cultural geography and encourages students to engage directly with theory in practice. | |
| 521 | _aSpecialized. | ||
| 588 | _aDescription based on print version record. | ||
| 650 | 0 | _aHuman geography. | |
| 655 | 7 |
_aElectronic books. _2local |
|
| 700 | 1 | _aShurmer-Smith, Pamela. | |
| 710 | 2 | _aSage eBooks | |
| 776 | 0 | 8 |
_iPrint version : _z9780761965657 |
| 830 | 0 | _aDoing human geography. | |
| 856 | 4 | 0 | _uhttp://ezproxy.alfaisal.edu/login?url=http://sk.sagepub.com/books/doing-cultural-geography |
| 942 |
_2lcc _cEBOOKS |
||
| 999 |
_c479546 _d479546 |
||